[Event "Senior DM 2020 65+"]
[Site "Logumkloster"]
[Date "2020.02.12"]
[Round "4"]
[White "Nielsen, Peter"]
[Black "Kristensen, Lars Ostergaard"]
[Result "1/2-1/2"]
[WhiteElo "1653"]
[BlackElo "1632"]
[PlyCount "50"]
[EventDate "2020.02.09"]
[EventType "swiss"]
[EventRounds "7"]
[EventCountry "DEN"]

1. c4 Nf6 2. Nc3 e6 3. g3 d5 4. cxd5 exd5 5. d4 g6 6. Bg2 Bg7 7. e3 O-O 8. Nge2
c6 9. O-O Bf5 10. Qb3 Qd7 11. Rd1 Na6 12. f3 Rfe8 13. g4 Be6 14. Nf4 Nc7 15.
Nxe6 Nxe6 16. Qc2 Rad8 17. b4 h5 18. gxh5 Nxh5 19. Bh3 Qe7 20. Bxe6 Qxe6 21.
Qg2 Bh6 22. f4 Nf6 23. Bd2 Qg4 24. Re1 Qxg2+ 25. Kxg2 Kg7 1/2-1/2

[Event "Senior DM 2020 65+"]
[Site "Logumkloster"]
[Date "2020.02.12"]
[Round "4"]
[White "Wang, Peter"]
[Black "Andersson, Finn"]
[Result "1-0"]
[WhiteElo "1881"]
[BlackElo "1748"]
[PlyCount "91"]
[EventDate "2020.02.09"]
[EventType "swiss"]
[EventRounds "7"]
[EventCountry "DEN"]

1. e4 c5 2. Nf3 Nc6 3. Nc3 d6 4. d4 cxd4 5. Nxd4 Nf6 6. Be2 e5 7. Nb3 Be6 8.
Bg5 Be7 9. Bxf6 Bxf6 10. O-O O-O 11. Nd5 Bxd5 12. Qxd5 Qc7 13. c3 Rad8 14. Rfd1
Ne7 15. Qc4 Qb6 16. Bf3 Qc6 17. Na5 Qb6 18. b4 Rc8 19. Qd3 Qc7 20. Rac1 Rfd8
21. Bg4 Rb8 22. c4 Nc6 23. Nxc6 bxc6 24. b5 Rb6 25. a4 cxb5 26. cxb5 Qb7 27.
Qd5 Qb8 28. Rc6 Rxc6 29. Qxc6 Be7 30. a5 Kf8 31. b6 g6 32. Bd7 axb6 33. axb6
Rxd7 34. Qxd7 Qxb6 35. Rc1 Bg5 36. Rd1 Be7 37. g3 Qb4 38. Qc6 Kg7 39. Qd5 g5
40. h3 Qb6 41. Kg2 Qb4 42. Rd3 Bd8 43. Rf3 Bf6 44. Rb3 Qa4 45. Rb7 Qe8 46. Qxd6
1-0

[Event "Senior DM 2020 65+"]
[Site "Logumkloster"]
[Date "2020.02.12"]
[Round "4"]
[White "Mortensen, John"]
[Black "Pedersen, Borge"]
[Result "1/2-1/2"]
[WhiteElo "2068"]
[BlackElo "1980"]
[PlyCount "72"]
[EventDate "2020.02.09"]
[EventType "swiss"]
[EventRounds "7"]
[EventCountry "DEN"]

1. e4 c5 2. Nf3 Nc6 3. Bb5 a6 4. Bxc6 dxc6 5. d3 Bg4 6. h3 Bxf3 7. Qxf3 g6 8.
Bd2 Bg7 9. Bc3 Bd4 10. Nd2 e5 11. Nb3 b6 12. Rb1 Bxc3+ 13. bxc3 Qf6 14. Nd2 b5
15. Qe3 c4 16. dxc4 Ne7 17. O-O O-O 18. Qc5 Qe6 19. Nf3 f6 20. Rfd1 Rfd8 21.
cxb5 cxb5 22. Rd3 Rxd3 23. cxd3 Qxa2 24. Rd1 Qb3 25. Rd2 Kf7 26. d4 Rc8 27. Qa7
Qb1+ 28. Kh2 Qxe4 29. dxe5 Qf4+ 30. Kh1 fxe5 31. Rd7 Qf6 32. Qe3 Ke8 33. Nxe5
Qe6 34. Ra7 Nc6 35. Ng4 Qxe3 36. Nf6+ Kf8 1/2-1/2

[Event "Senior DM 2020 65+"]
[Site "Logumkloster"]
[Date "2020.02.12"]
[Round "4"]
[White "Andresen, Hans Jorn"]
[Black "Holst, Per"]
[Result "0-1"]
[WhiteElo "1998"]
[BlackElo "2138"]
[PlyCount "60"]
[EventDate "2020.02.09"]
[EventType "swiss"]
[EventRounds "7"]
[EventCountry "DEN"]

1. e4 e6 2. d4 d5 3. exd5 exd5 4. Nf3 Bd6 5. Bd3 Bg4 6. h3 Bh5 7. c3 Ne7 8. Bg5
f6 9. Be3 Nbc6 10. Nbd2 Qd7 11. Qc2 Bg6 12. O-O-O O-O-O 13. Nb3 Bxd3 14. Qxd3
Nf5 15. Bd2 h5 16. Nc5 Bxc5 17. dxc5 Nce7 18. Nd4 Nxd4 19. cxd4 Qf5 20. Qg3 g5
21. f4 g4 22. hxg4 hxg4 23. Rxh8 Rxh8 24. Qe3 Qe4 25. Qa3 Nc6 26. Bc3 Qxg2 27.
b4 Rh2 28. Bd2 Qe4 29. Qg3 Nxd4 30. Qxg4+ f5 0-1

[Event "Senior DM 2020 65+"]
[Site "Logumkloster"]
[Date "2020.02.12"]
[Round "4"]
[White "Bauner, Jan"]
[Black "Norregaard, Claus"]
[Result "1/2-1/2"]
[WhiteElo "2004"]
[BlackElo "1941"]
[PlyCount "85"]
[EventDate "2020.02.09"]
[EventType "swiss"]
[EventRounds "7"]
[EventCountry "DEN"]

1. d4 Nf6 2. Bf4 d5 3. e3 c5 4. c3 Bg4 5. Be2 Bxe2 6. Qxe2 e6 7. Nd2 Nc6 8.
Ngf3 Bd6 9. Bg3 O-O 10. O-O Bxg3 11. hxg3 Qe7 12. Rac1 e5 13. dxc5 e4 14. Nd4
Ne5 15. b4 Nd3 16. Rc2 a5 17. Rb1 axb4 18. cxb4 Ra4 19. c6 Nxb4 20. Qb5 Nxc2
21. Qxa4 Nxd4 22. exd4 bxc6 23. Nf1 h6 24. Qxc6 Qa7 25. Qc3 Qxa2 26. Ra1 Qe2
27. Ne3 Ng4 28. Nxg4 Qxg4 29. Qe3 Rc8 30. Rc1 Ra8 31. Qb3 Qg5 32. Rd1 Rc8 33.
Kh2 Rc4 34. Kg1 Qf6 35. Qe3 Qc6 36. g4 Rc3 37. Qf4 Qc4 38. g5 hxg5 39. Qxg5 Qc6
40. Ra1 Qh6 41. Qxh6 gxh6 42. Ra5 Kg7 43. Rxd5 1/2-1/2

[Event "Senior DM 2020 65+"]
[Site "Logumkloster"]
[Date "2020.02.12"]
[Round "4"]
[White "Baagoe, Hans Chr"]
[Black "Nielsen, Aage Sondergaard"]
[Result "0-1"]
[WhiteElo "1665"]
[BlackElo "1888"]
[PlyCount "54"]
[EventDate "2020.02.09"]
[EventType "swiss"]
[EventRounds "7"]
[EventCountry "DEN"]

1. d4 d5 2. c4 c6 3. cxd5 cxd5 4. Nc3 Nf6 5. Nf3 Nc6 6. e3 g6 7. Be2 Bg7 8. O-O
O-O 9. a3 Ne4 10. Nxe4 dxe4 11. Nd2 f5 12. Rb1 Be6 13. b3 Bf7 14. f4 g5 15. Bh5
Bg6 16. fxg5 e5 17. Bxg6 hxg6 18. dxe5 Qxg5 19. Nc4 Rad8 20. Qe2 b5 21. Bb2 Rd3
22. Nd6 Bxe5 23. Bxe5 Nxe5 24. Nxb5 Rfd8 25. Nd4 Rxe3 26. Ne6 Rxe2 27. Nxg5
Red2 0-1

[Event "Senior DM 2020 65+"]
[Site "Logumkloster"]
[Date "2020.02.12"]
[Round "4"]
[White "Larsen, Arne Walther"]
[Black "Cordes, Steffen"]
[Result "1/2-1/2"]
[WhiteElo "1712"]
[BlackElo "1928"]
[PlyCount "60"]
[EventDate "2020.02.09"]
[EventType "swiss"]
[EventRounds "7"]
[EventCountry "DEN"]

1. c4 e5 2. g3 Nf6 3. Nc3 d5 4. cxd5 Nxd5 5. Bg2 Nb6 6. Nf3 Nc6 7. O-O Be7 8.
d3 O-O 9. a3 Be6 10. b4 a5 11. b5 Nd4 12. e3 Nb3 13. Rb1 Nxc1 14. Qxc1 f6 15.
Rd1 Qc8 16. Ne4 Ba2 17. Ra1 Bb3 18. Rd2 Nd7 19. d4 f5 20. Nc5 Nxc5 21. dxc5 Bf6
22. Rb1 a4 23. Bf1 Rd8 24. Bc4+ Bxc4 25. Qxc4+ Kh8 26. Rbd1 Rxd2 27. Rxd2 Qe8
28. c6 bxc6 29. bxc6 Qh5 30. Ne1 e4 1/2-1/2

[Event "Senior DM 2020 65+"]
[Site "Logumkloster"]
[Date "2020.02.12"]
[Round "4"]
[White "Falberg, Hugo"]
[Black "Gjelstrup, Ole"]
[Result "0-1"]
[WhiteElo "1826"]
[BlackElo "1516"]
[PlyCount "52"]
[EventDate "2020.02.09"]
[EventType "swiss"]
[EventRounds "7"]
[EventCountry "DEN"]

1. f4 d5 2. Nf3 Nf6 3. e3 Bg4 4. Be2 Bxf3 5. Bxf3 Nbd7 6. O-O e5 7. d4 e4 8.
Be2 Bd6 9. Qe1 h6 10. b4 Qe7 11. Bd2 g5 12. c4 c6 13. c5 Bc7 14. g3 Qe6 15. f5
Qe7 16. Nc3 g4 17. Qd1 h5 18. Be1 Nh7 19. b5 Ng5 20. bxc6 bxc6 21. Rb1 Nf3+ 22.
Kh1 h4 23. Bxf3 hxg3 24. Bxg4 Rxh2+ 25. Kg1 Qh4 26. Bf3 Rh1+ 0-1

[Event "Senior DM 2020 65+"]
[Site "Logumkloster"]
[Date "2020.02.12"]
[Round "4"]
[White "Olesen, Bent"]
[Black "Christiansen, Jens Jorgen"]
[Result "1/2-1/2"]
[WhiteElo "1986"]
[BlackElo "2073"]
[PlyCount "97"]
[EventDate "2020.02.09"]
[EventType "swiss"]
[EventRounds "7"]
[EventCountry "DEN"]

1. d4 d5 2. Nf3 Nf6 3. e3 Bf5 4. Bd3 Bxd3 5. Qxd3 c6 6. Nbd2 Nbd7 7. b3 e6 8.
Bb2 Be7 9. O-O O-O 10. c4 c5 11. Rfd1 cxd4 12. exd4 Rc8 13. Rac1 Qa5 14. a3 Qa6
15. Qe3 Rfd8 16. c5 Qc6 17. b4 a6 18. Qb3 b5 19. Qe3 Re8 20. h3 Bf8 21. Ne5
Nxe5 22. dxe5 Nd7 23. Nb3 Qc7 24. f4 Nb8 25. Nd4 Nc6 26. Nxc6 Qxc6 27. Bd4 g6
28. g4 Bg7 29. Rc2 Rf8 30. g5 Ra8 31. h4 a5 32. h5 Rfb8 33. h6 Bf8 34. Qc3 axb4
35. axb4 Ra4 36. Rdd2 Rba8 37. Rd3 Be7 38. Qb3 Bd8 39. Bb2 Bc7 40. Rc1 Kf8 41.
Rdd1 Ke8 42. Qc3 Kd7 43. Ra1 Rxa1 44. Bxa1 Ra4 45. Bb2 Qa6 46. Rc1 Kc6 47. Qd2
Ra2 48. Rc2 Qa4 49. Qc3 1/2-1/2

[Event "Senior DM 2020 65+"]
[Site "Logumkloster"]
[Date "2020.02.12"]
[Round "4"]
[White "Kristensen, Niels Aage"]
[Black "Lontoft, Sven"]
[Result "0-1"]
[WhiteElo "1479"]
[BlackElo "1763"]
[PlyCount "66"]
[EventDate "2020.02.09"]
[EventType "swiss"]
[EventRounds "7"]
[EventCountry "DEN"]

1. d4 Nf6 2. Nf3 d5 3. Bf4 Bf5 4. Nbd2 Nc6 5. e3 a6 6. c3 e6 7. Nh4 Bg6 8. Nxg6
hxg6 9. h3 Bd6 10. Bg5 e5 11. c4 Bb4 12. dxe5 Nxe5 13. Qa4+ Nc6 14. O-O-O Qd6
15. Bf4 Bxd2+ 16. Rxd2 Qc5 17. b4 Qxb4 18. Qxb4 Nxb4 19. Kb2 Ne4 20. Re2 dxc4
21. f3 Nd6 22. Bxd6 cxd6 23. Rd2 Rc8 24. Kc3 a5 25. Rxd6 Nxa2+ 26. Kb2 c3+ 27.
Kc2 Nb4+ 28. Kc1 Ke7 29. Rb6 Rc7 30. Bb5 c2 31. Ba4 Nd3+ 32. Kd2 c1=Q+ 33. Rxc1
Nxc1 0-1

[Event "Senior DM 2020 65+"]
[Site "Logumkloster"]
[Date "2020.02.12"]
[Round "4"]
[White "Falberg, Hugo"]
[Black "Gjelstrup, Ole"]
[Result "1/2-1/2"]
[WhiteElo "1826"]
[BlackElo "1516"]
[PlyCount "102"]
[EventDate "2020.02.09"]
[EventType "swiss"]
[EventRounds "7"]
[EventCountry "DEN"]

1. e4 d5 2. exd5 Nf6 3. d4 Nxd5 4. c4 Nb6 5. Nf3 c6 6. Be2 g6 7. Be3 Bg7 8. Nc3
O-O 9. h3 Be6 10. b3 f6 11. Rc1 Bf7 12. Ne4 e6 13. O-O Qe7 14. a4 Rd8 15. a5
Nc8 16. Qc2 Nd6 17. Nc3 Nd7 18. Rfd1 Rac8 19. g4 b6 20. a6 Ne8 21. g5 f5 22. h4
Nc7 23. Qa2 Nb8 24. Bf4 Nd7 25. Ne5 Nxe5 26. dxe5 Qc5 27. Na4 Qa5 28. Qb2 Bf8
29. c5 b5 30. b4 Qxa6 31. Nc3 Qb7 32. Bf3 Nd5 33. Nxd5 exd5 34. Qe2 Be6 35. Kg2
Rc7 36. Ra1 Ra8 37. Ra5 Be7 38. Kg3 Bd8 39. Bc1 Re7 40. Ra3 a5 41. Qb2 a4 42.
Rh1 Ra7 43. Qd2 Qb8 44. Bb2 Red7 45. Bg2 Be7 46. f4 Qa8 47. Bd4 Bf8 48. Qe3 Re7
49. Qd3 Rf7 50. Bf3 Qe8 51. h5 Rg7 1/2-1/2

[Event "Senior DM 2020 65+"]
[Site "Logumkloster"]
[Date "2020.02.12"]
[Round "4"]
[White "Overmark, Ole"]
[Black "Kallenbach, Uffe"]
[Result "0-1"]
[WhiteElo "1735"]
[BlackElo "1615"]
[PlyCount "74"]
[EventDate "2020.02.09"]
[EventType "swiss"]
[EventRounds "7"]
[EventCountry "DEN"]

1. e4 c5 2. Nf3 d6 3. d4 cxd4 4. c3 Nf6 5. e5 dxe5 6. Nxe5 e6 7. Bb5+ Nbd7 8.
Qxd4 Be7 9. O-O O-O 10. Bf4 Nxe5 11. Qxe5 Qd5 12. Qe2 Bd7 13. Bxd7 Qxd7 14. Rd1
Qc6 15. Nd2 Rac8 16. Nb3 Qe4 17. Be3 Nd5 18. Rd4 Qe5 19. Rd3 Nf4 20. Qd2 Nxd3
21. Qxd3 Rfd8 22. Bd4 Qh5 23. Re1 Bf6 24. Qg3 Bxd4 25. Nxd4 Rc5 26. h4 Rcd5 27.
Re4 Qd1+ 28. Kh2 Qd2 29. Re2 Qh6 30. Re4 Rh5 31. Rg4 f5 32. Rxg7+ Qxg7 33.
Qxg7+ Kxg7 34. Nxe6+ Kf6 35. Nxd8 Rxh4+ 36. Kg3 Rg4+ 37. Kf3 Rg7 0-1

[Event "Senior DM 2020 65+"]
[Site "Logumkloster"]
[Date "2020.02.12"]
[Round "4"]
[White "Fjordside, Arne Dan"]
[Black "Johnsen, Oystein"]
[Result "1/2-1/2"]
[WhiteElo "1782"]
[BlackElo "1996"]
[PlyCount "89"]
[EventDate "2020.02.09"]
[EventType "swiss"]
[EventRounds "7"]
[EventCountry "DEN"]

1. d4 d5 2. Bf4 Nf6 3. e3 e6 4. Nd2 Bd6 5. Bg3 O-O 6. Bd3 c5 7. c3 Qc7 8. Ngf3
Nbd7 9. Bxd6 Qxd6 10. O-O e5 11. dxe5 Nxe5 12. Nxe5 Qxe5 13. Nf3 Qc7 14. h3 Ne4
15. Qc2 f5 16. c4 Be6 17. cxd5 Bxd5 18. Bc4 Bxc4 19. Qxc4+ Qf7 20. Qxf7+ Rxf7
21. Rfd1 Rc8 22. Rd5 g6 23. Rad1 Rfc7 24. Kf1 Nf6 25. Rd6 Ne4 26. R6d5 Kf8 27.
Ke2 c4 28. Rd8+ Rxd8 29. Rxd8+ Ke7 30. Rh8 Nf6 31. Nd4 a6 32. g4 fxg4 33. hxg4
Kd6 34. Rd8+ Rd7 35. Rxd7+ Kxd7 36. g5 Ne4 37. f4 c3 38. b3 c2 39. Nxc2 Nc3+
40. Kd3 Nxa2 41. Nd4 b5 42. Nf3 Kd6 43. Nd4 Nb4+ 44. Ke4 Nd5 45. Kd3 1/2-1/2

[Event "Senior DM 2020 65+"]
[Site "Logumkloster"]
[Date "2020.02.12"]
[Round "4"]
[White "Semakoff, Aleks"]
[Black "Mortensen, Steen Juul"]
[Result "1/2-1/2"]
[WhiteElo "2006"]
[BlackElo "1927"]
[PlyCount "81"]
[EventDate "2020.02.09"]
[EventType "swiss"]
[EventRounds "7"]
[EventCountry "DEN"]

1. e4 e5 2. Nc3 Nf6 3. Bc4 Nxe4 4. Qh5 Nd6 5. Qxe5+ Qe7 6. Qxe7+ Bxe7 7. Bb3 c6
8. d4 O-O 9. Nf3 Ne8 10. d5 d6 11. O-O Nd7 12. Re1 Bf6 13. Ne4 Nb6 14. dxc6
bxc6 15. Nxf6+ Nxf6 16. Bg5 Bd7 17. Re7 Rae8 18. Rae1 d5 19. Bxf6 gxf6 20. c3
Rxe7 21. Rxe7 Re8 22. Rxe8+ Bxe8 23. Kf1 Bd7 24. Ke1 c5 25. Kd2 Bc6 26. Nh4 Bd7
27. g3 Kg7 28. Ng2 Be6 29. Nf4 Kf8 30. Bc2 Nc4+ 31. Kc1 h6 32. b4 cxb4 33. cxb4
Ke7 34. a4 Kd6 35. Nd3 Ne5 36. h4 d4 37. Nc5 Nc4 38. Ne4+ Ke7 39. a5 Ne5 40.
Kd2 Nc6 41. b5 1/2-1/2

[Event "Senior DM 2020 65+"]
[Site "Logumkloster"]
[Date "2020.02.12"]
[Round "4"]
[White "Larsen, Alex"]
[Black "Haugaard, Thomas"]
[Result "0-1"]
[WhiteElo "1428"]
[BlackElo "1680"]
[PlyCount "70"]
[EventDate "2020.02.09"]
[EventType "swiss"]
[EventRounds "7"]
[EventCountry "DEN"]

1. d4 Nf6 2. Nf3 d5 3. Bf4 e6 4. a3 c5 5. g3 Nc6 6. c3 Bd6 7. Bxd6 Qxd6 8. Bg2
b6 9. O-O Ba6 10. Re1 Rd8 11. Qa4 Bb7 12. Ne5 O-O 13. Nxc6 Qxc6 14. Qd1 Rfe8
15. e3 Qc7 16. Nd2 e5 17. Nf3 e4 18. Ne5 Nd7 19. Nxd7 Qxd7 20. Qh5 Bc8 21. a4
a5 22. Bf1 Re6 23. dxc5 Rh6 24. Qg5 bxc5 25. Bb5 Qd6 26. Qf4 Qe6 27. h4 Rd6 28.
Be2 Rf6 29. Qg4 Qxg4 30. Bxg4 Bxg4 31. f4 Rb6 32. c4 Rxb2 33. cxd5 Rd6 34. Rab1
Rxb1 35. Rxb1 Rxd5 0-1

[Event "Senior DM 2020 65+"]
[Site "Logumkloster"]
[Date "2020.02.12"]
[Round "4"]
[White "Olesen, Poul Erik Norgaard"]
[Black "Nielsen, Carsten Juul"]
[Result "1-0"]
[WhiteElo "2004"]
[BlackElo "1902"]
[PlyCount "45"]
[EventDate "2020.02.09"]
[EventType "swiss"]
[EventRounds "7"]
[EventCountry "DEN"]

1. e4 e5 2. Bc4 Nf6 3. d3 Nc6 4. Nf3 Be7 5. O-O d6 6. a4 O-O 7. h3 Bd7 8. Nc3
h6 9. Be3 Na5 10. Ba2 c5 11. Nd5 Nxd5 12. Bxd5 Nc6 13. c3 Bf6 14. Nd2 Bg5 15.
Qh5 Qf6 16. h4 Bf4 17. Nc4 g6 18. Qe2 Qxh4 19. g3 Qg5 20. Qf3 Bxe3 21. fxe3 Qe7
22. Qf6 Bh3 23. Qxg6+ 1-0

[Event "Senior DM 2020 65+"]
[Site "Logumkloster"]
[Date "2020.02.12"]
[Round "4"]
[White "Sorensen, Ivan"]
[Black "Rasmussen, Bjarne Meldgaard"]
[Result "1/2-1/2"]
[WhiteElo "2062"]
[BlackElo "1911"]
[PlyCount "62"]
[EventDate "2020.02.09"]
[EventType "swiss"]
[EventRounds "7"]
[EventCountry "DEN"]

1. Nf3 Nf6 2. b3 e6 3. Bb2 Be7 4. e3 b6 5. d4 Bb7 6. Bd3 d6 7. Nbd2 Nbd7 8. Qe2
d5 9. Ne5 Nxe5 10. dxe5 Nd7 11. Qg4 g6 12. Rd1 Nc5 13. Be2 Qc8 14. O-O Ba6 15.
c4 O-O 16. a3 dxc4 17. Bxc4 Nd3 18. Bc3 Rd8 19. Ne4 Bxc4 20. bxc4 Nc5 21. Nf6+
Kg7 22. Qh4 h6 23. Rd4 Rxd4 24. exd4 Nd7 25. d5 Qd8 26. Qf4 Nxf6 27. exf6+ Bxf6
28. Bxf6+ Qxf6 29. Qxc7 exd5 30. cxd5 Rd8 31. Qc4 Rd6 1/2-1/2

[Event "Senior DM 2020 65+"]
[Site "Logumkloster"]
[Date "2020.02.12"]
[Round "4"]
[White "Christiansen, Arne"]
[Black "Hansen, Per (1954)"]
[Result "0-1"]
[WhiteElo "2000"]
[BlackElo "2110"]
[PlyCount "52"]
[EventDate "2020.02.09"]
[EventType "swiss"]
[EventRounds "7"]
[EventCountry "DEN"]

1. d4 d5 2. c4 c6 3. Nf3 Nf6 4. e3 e6 5. Nc3 Nbd7 6. Bd3 dxc4 7. Bxc4 b5 8. Bd3
a6 9. O-O c5 10. Qe2 Bb7 11. Rd1 Qc7 12. h3 g5 13. e4 cxd4 14. Nxd4 Rg8 15. g3
Bc5 16. Bc2 Ne5 17. Be3 Qb6 18. b4 Bxb4 19. Ndxb5 Qa5 20. a3 Be7 21. Bd4 Nfd7
22. Rab1 axb5 23. Rxb5 Qc7 24. Rdb1 Ba6 25. Ba4 Bxb5 26. Rxb5 Kf8 0-1

[Event "Senior DM 2020 65+"]
[Site "Logumkloster"]
[Date "2020.02.12"]
[Round "4"]
[White "Kolbak, Jens"]
[Black "Jorgensen, Arne Bjorn"]
[Result "1/2-1/2"]
[WhiteElo "2127"]
[BlackElo "1957"]
[PlyCount "60"]
[EventDate "2020.02.09"]
[EventType "swiss"]
[EventRounds "7"]
[EventCountry "DEN"]

1. e4 e6 2. Qe2 c5 3. Nf3 Nc6 4. g3 d6 5. Bg2 Be7 6. O-O Nf6 7. Rd1 O-O 8. d4
cxd4 9. Nxd4 Nxd4 10. Rxd4 Qc7 11. Nc3 Bd7 12. a4 a6 13. Be3 Rac8 14. h3 Rfd8
15. a5 Qb8 16. Rd2 Bc6 17. Bb6 Re8 18. Rad1 h6 19. Kh2 d5 20. exd5 Nxd5 21.
Nxd5 Bxd5 22. Bxd5 exd5 23. Qd3 Bc5 24. Qxd5 Bxb6 25. axb6 Rc6 26. Qb3 Qe5 27.
Rd8 Kh7 28. Rxe8 Qxe8 29. Qd3+ Kg8 30. Rd2 Rxb6 1/2-1/2

[Event "Senior DM 2020 65+"]
[Site "Logumkloster"]
[Date "2020.02.12"]
[Round "4"]
[White "Stald, Flemming"]
[Black "Kristoffersen, John"]
[Result "1-0"]
[WhiteElo "1836"]
[BlackElo "1668"]
[PlyCount "91"]
[EventDate "2020.02.09"]
[EventType "swiss"]
[EventRounds "7"]
[EventCountry "DEN"]

1. d4 Nf6 2. Bf4 d5 3. e3 e6 4. Bd3 Bd6 5. Bg3 Nc6 6. f4 Ne7 7. Nf3 c5 8. c3 c4
9. Bc2 Nf5 10. Bf2 Ng4 11. Qe2 O-O 12. Nbd2 b5 13. Ne5 Nxf2 14. Qxf2 Bxe5 15.
fxe5 Qg5 16. Ke2 a5 17. a3 Bd7 18. Nf3 Qe7 19. h4 f6 20. g4 Nh6 21. Qg2 f5 22.
gxf5 Nxf5 23. Rag1 h6 24. Qg6 Be8 25. Qg4 Qf7 26. e4 Ne7 27. Rf1 Qg6 28. Rhg1
Qxg4 29. Rxg4 Bh5 30. Rg3 Rf7 31. Ke3 Raf8 32. exd5 Rxf3+ 33. Rgxf3 Rxf3+ 34.
Rxf3 Bxf3 35. Kxf3 exd5 36. e6 g6 37. Kf4 Kg7 38. Ke5 b4 39. axb4 axb4 40. Bd1
bxc3 41. bxc3 g5 42. hxg5 hxg5 43. Bf3 Kf8 44. Kf6 Ng8+ 45. Kxg5 Ke7 46. Bxd5
1-0

[Event "Senior DM 2020 65+"]
[Site "Logumkloster"]
[Date "2020.02.13"]
[Round "5"]
[White "Rasmussen, Bjarne Meldgaard"]
[Black "Olesen, Poul Erik Norgaard"]
[Result "1-0"]
[WhiteElo "1911"]
[BlackElo "2004"]
[PlyCount "85"]
[EventDate "2020.02.09"]
[EventType "swiss"]
[EventRounds "7"]
[EventCountry "DEN"]

1. e4 e5 2. Nf3 d6 3. d4 exd4 4. Nxd4 g6 5. Bc4 Bg7 6. O-O Ne7 7. Nc3 Nbc6 8.
Be3 O-O 9. Qd2 Nxd4 10. Bxd4 Nc6 11. Bxg7 Kxg7 12. f4 f5 13. exf5 Bxf5 14. Nd5
h6 15. Rae1 a5 16. Bb5 Rf7 17. Qc3+ Kh7 18. Bxc6 bxc6 19. Qxc6 Bd7 20. Qc3 c6
21. Ne3 d5 22. Kh1 Qb6 23. Nd1 Raf8 24. Qe5 Bf5 25. Ne3 Be4 26. c4 Qc5 27. cxd5
cxd5 28. Ng4 Bf5 29. Rc1 Qb4 30. a3 Qb7 31. Nf6+ Rxf6 32. Rc7+ Qxc7 33. Qxc7+
R8f7 34. Qxa5 Be4 35. Kg1 g5 36. g3 d4 37. Qe5 Bd3 38. Rf3 Bc2 39. Qxd4 g4 40.
Rc3 Bf5 41. Rc5 Re6 42. Kf2 Kg6 43. Qd5 1-0

[Event "Senior DM 2020 65+"]
[Site "Logumkloster"]
[Date "2020.02.13"]
[Round "5"]
[White "Pedersen, Borge"]
[Black "Jorgensen, Jorgen"]
[Result "1/2-1/2"]
[WhiteElo "1980"]
[BlackElo "2186"]
[PlyCount "32"]
[EventDate "2020.02.09"]
[EventType "swiss"]
[EventRounds "7"]
[EventCountry "DEN"]

1. d4 f5 2. Nf3 Nf6 3. Bg5 Ne4 4. Bh4 g6 5. e3 Bg7 6. Nbd2 O-O 7. c3 Nc6 8.
Qb3+ d5 9. Nxe4 fxe4 10. Nd2 Kh8 11. c4 Be6 12. Rc1 Qd7 13. Bg3 Rfc8 14. a3 Na5
15. Qb4 Nc6 16. Qb3 Nd8 1/2-1/2

[Event "Senior DM 2020 65+"]
[Site "Logumkloster"]
[Date "2020.02.13"]
[Round "5"]
[White "Norregaard, Claus"]
[Black "Semakoff, Aleks"]
[Result "1/2-1/2"]
[WhiteElo "1941"]
[BlackElo "2006"]
[PlyCount "26"]
[EventDate "2020.02.09"]
[EventType "swiss"]
[EventRounds "7"]
[EventCountry "DEN"]

1. d4 d5 2. c4 e6 3. Nc3 Bb4 4. Qa4+ Nc6 5. Nf3 Nf6 6. Bg5 dxc4 7. e3 Bd7 8.
Qc2 b5 9. Be2 O-O 10. O-O a6 11. Ne5 Be7 12. Bf3 Nb4 13. Qd2 Rb8 1/2-1/2

[Event "Senior DM 2020 65+"]
[Site "Logumkloster"]
[Date "2020.02.13"]
[Round "5"]
[White "Nielsen, Carsten Juul"]
[Black "Hvenekilde, Jorgen"]
[Result "1/2-1/2"]
[WhiteElo "1902"]
[BlackElo "2032"]
[PlyCount "50"]
[EventDate "2020.02.09"]
[EventType "swiss"]
[EventRounds "7"]
[EventCountry "DEN"]

1. d4 d6 2. Nf3 Nd7 3. g3 e5 4. dxe5 dxe5 5. Bg2 Be7 6. O-O Ngf6 7. Nc3 c6 8.
b3 O-O 9. Bb2 Re8 10. Na4 Qc7 11. c4 Bf8 12. Qc2 Nc5 13. Nxc5 Bxc5 14. e3 a5
15. a3 Bg4 16. h3 Bh5 17. Nh4 Bg6 18. Nxg6 hxg6 19. Bc3 Qe7 20. Qb2 Qe6 21. b4
axb4 22. axb4 Bf8 23. Rxa8 Rxa8 24. c5 Ra2 25. Qb1 Ra3 1/2-1/2

[Event "Senior DM 2020 65+"]
[Site "Logumkloster"]
[Date "2020.02.13"]
[Round "5"]
[White "Nielsen, Aage Sondergaard"]
[Black "Bauner, Jan"]
[Result "0-1"]
[WhiteElo "1888"]
[BlackElo "2004"]
[PlyCount "59"]
[EventDate "2020.02.09"]
[EventType "swiss"]
[EventRounds "7"]
[EventCountry "DEN"]

1. e4 c6 2. f4 d5 3. Nc3 dxe4 4. Nxe4 Nf6 5. Nxf6+ exf6 6. Bc4 Bd6 7. d4 O-O 8.
Ne2 b5 9. Bd3 Be6 10. O-O f5 11. Rf3 Nd7 12. Rh3 Nf6 13. b3 g6 14. Bb2 Nd5 15.
Qd2 b4 16. Rf1 Re8 17. c4 bxc3 18. Nxc3 Qa5 19. a3 Rab8 20. Bc4 Qc7 21. Nxd5
Bxd5 22. Bxd5 cxd5 23. Re3 Re4 24. Rxe4 fxe4 25. Qe3 Qc2 26. Bc1 Rxb3 27. Rf2
Qc4 28. Qe1 Rb1 29. Rf1 Bxa3 30. Qh4 0-1

[Event "Senior DM 2020 65+"]
[Site "Logumkloster"]
[Date "2020.02.13"]
[Round "5"]
[White "Johnsen, Oystein"]
[Black "Wang, Peter"]
[Result "0-1"]
[WhiteElo "1996"]
[BlackElo "1881"]
[PlyCount "96"]
[EventDate "2020.02.09"]
[EventType "swiss"]
[EventRounds "7"]
[EventCountry "DEN"]

1. d4 d6 2. c4 Nf6 3. Nc3 Nbd7 4. e4 e5 5. d5 Be7 6. Be2 Nc5 7. Qc2 a5 8. Be3
b6 9. b3 O-O 10. h3 Na6 11. Qd2 Bd7 12. g4 Ne8 13. g5 g6 14. h4 Ng7 15. h5 f5
16. gxf6 Bxf6 17. hxg6 hxg6 18. Nf3 Nh5 19. Bh6 Bg7 20. Bxg7 Kxg7 21. Ng5 Nf4
22. Ne6+ Bxe6 23. dxe6 Nc5 24. e7 Qxe7 25. Nd5 Qf7 26. f3 Nce6 27. O-O-O Rh8
28. Rdg1 Rxh1 29. Rxh1 Rh8 30. Rxh8 Kxh8 31. Bf1 Qh7 32. Qf2 Qh1 33. Nxf4 Nxf4
34. Kc2 Kg7 35. a3 g5 36. b4 Qh4 37. Qe3 axb4 38. axb4 Qg3 39. c5 bxc5 40. bxc5
g4 41. cxd6 cxd6 42. Qa7+ Kf6 43. Bc4 Qg2+ 44. Kb1 Ne6 45. Qd7 Qg1+ 46. Ka2
Qf2+ 47. Ka3 Qe3+ 48. Bb3 Qxb3+ 0-1

[Event "Senior DM 2020 65+"]
[Site "Logumkloster"]
[Date "2020.02.13"]
[Round "5"]
[White "Christiansen, Jens Jorgen"]
[Black "Jacobsen, Niels"]
[Result "1-0"]
[WhiteElo "2073"]
[BlackElo "1868"]
[PlyCount "55"]
[EventDate "2020.02.09"]
[EventType "swiss"]
[EventRounds "7"]
[EventCountry "DEN"]

1. Nf3 Nf6 2. b3 g6 3. Bb2 Bg7 4. e3 O-O 5. d4 d5 6. c4 c6 7. Nc3 Bg4 8. Be2
Nbd7 9. O-O Re8 10. cxd5 cxd5 11. h3 Bxf3 12. Bxf3 e6 13. g4 Nb8 14. Be2 Nc6
15. Rc1 e5 16. dxe5 Nxe5 17. Nb5 Nc6 18. Bf3 Nxg4 19. Bxg7 Nxe3 20. fxe3 Kxg7
21. Qxd5 Qh4 22. Bg2 f6 23. Nc7 Re5 24. Qc4 Qh5 25. Nxa8 Rxe3 26. Qf4 Re5 27.
Qxf6+ Kh6 28. Qf8+ 1-0

[Event "Senior DM 2020 65+"]
[Site "Logumkloster"]
[Date "2020.02.13"]
[Round "5"]
[White "Holst, Per"]
[Black "Sorensen, Ivan"]
[Result "1-0"]
[WhiteElo "2138"]
[BlackElo "2062"]
[PlyCount "93"]
[EventDate "2020.02.09"]
[EventType "swiss"]
[EventRounds "7"]
[EventCountry "DEN"]

1. d4 f5 2. Nf3 Nf6 3. g3 g6 4. Bg2 Bg7 5. O-O O-O 6. Nbd2 d6 7. Re1 d5 8. c4
c6 9. b3 Ne4 10. Bb2 Nd7 11. Qc2 e6 12. a4 g5 13. Ne5 Nxe5 14. dxe5 Nxd2 15.
Qxd2 dxc4 16. Qc1 cxb3 17. Rd1 Qc7 18. Qxg5 Kh8 19. Ba3 Rg8 20. Bd6 Qf7 21.
Rab1 Bd7 22. Rxb3 b6 23. Rbd3 Rac8 24. Qh4 Be8 25. e4 Qh5 26. Qe7 Qf7 27. exf5
Qxe7 28. Bxe7 exf5 29. f4 Bf7 30. Rd7 Bb3 31. Ra1 a5 32. Rb1 Bxa4 33. Rxb6 Rge8
34. Ra7 Rxe7 35. Rxe7 Bf8 36. Rbb7 Bxe7 37. Rxe7 c5 38. g4 c4 39. gxf5 c3 40.
Be4 c2 41. Bxc2 Bxc2 42. f6 Ra8 43. e6 a4 44. f7 Bg6 45. f5 Bxf7 46. exf7 Rf8
47. f6 1-0